| 000 | 00433cam a22001337a 4500 | ||
|---|---|---|---|
| 008 | 180718b1953 xxu||||| |||| 00| 0 eng d | ||
| 082 | _aR23x5453 T697c | ||
| 100 | _aKerala. Minimum Wages Committee for Cashew Industry | ||
| 245 | _aReport of the Minimum Wages Committee for Cashew Industry | ||
| 260 |
_aTrivandrum _bThe author _c1953 |
||
| 300 | _a89p. | ||
| 500 | _aChairman: A.P. Udayabhanu | ||
| 700 | _aUdayabhanu, A.P., Chairman | ||
| 999 |
_c393940 _d393940 |
||